000 00488nam a2200193Ia 4500
003 OSt
005 20260502094226.0
008 210210b1927 xxu||||| |||| 00| 0 eng d
040 _cAL
041 _aeng
082 _a829/547
100 _aHawthorne and others
_9263192
245 _aSelected english short stories
260 _aLondon
_bOxford University Press
_c1927
650 _aShort Stories
_9263193
690 _aEnglish Fiction
_9263189
906 _a017147
942 _2ddc
_cBK
999 _c137105
_d137105